Lana Del Rey Music Videos #3 - Statistics

General Stats
  • This quiz has been taken 22 times
  • The average score is 7 of 12
Answer Stats
Picture Answer % Correct
Norman fucking rockwell
87%
Venice bitch
73%
Body electric
67%
Carmen
67%
Bel air
60%
Gods and monsters
60%
The greatest
60%
Happiness is a butterfly
47%
Arcadia
40%
Blue velvet
40%
Bartender
33%
Let me love you like a woman
33%
No matching quizzes found
Score Distribution
Percent of People with Each Score
Percentile by Number Answered
Your Score History
You have not taken this quiz